[Event "Itzehoe op 3rd"]
[Site "Itzehoe"]
[Date "2024.05.11"]
[Round "6"]
[White "Braren, Ove Neelis"]
[Black "Daniels, Noah M"]
[Result "1-0"]
[WhiteElo "1671"]
[BlackElo "1840"]
[PlyCount "69"]
[EventDate "2024.05.09"]
[EventType "swiss"]
[EventRounds "7"]
[EventCountry "GER"]
[SourceTitle "CBM 220 Extra"]
[Source "ChessBase"]
[SourceDate "2024.07.31"]
[SourceVersion "1"]
[SourceVersionDate "2024.07.31"]
[SourceQuality "1"]

1. e4 d6 2. d4 Nf6 3. Nc3 c6 4. Bf4 Qa5 5. Bd3 Qb6 6. Nge2 Bg4 7. f3 Bh5 8. Qd2 Nbd7 9. h4 e5 10. dxe5 Nxe5 11. Bxe5 dxe5 12. g4 Nxg4 13. fxg4 Bxg4 14. Qg5 Bxe2 15. Qxe5+ Kd7 16. Nxe2 Be7 17. Qd4+ Qxd4 18. Nxd4 Bc5 19. Nb3 Be3 20. Rh3 Bb6 21. 0-0-0 Rhf8 22. Rf3 Ke7 23. Kd2 Rac8 24. Ke2 c5 25. c4 Rg8 26. Rg1 h6 27. Rfg3 g6 28. Nd2 Bc7 29. R3g2 Be5 30. b3 Bd4 31. Rf1 Bf6 32. Rgf2 Rc6 33. e5 Re6 34. Rxf6 Rxe5+ 35. Kd1 1-0

[Event "Itzehoe op 3rd"]
[Site "Itzehoe"]
[Date "2024.05.09"]
[Round "1"]
[White "Daniels, Noah M"]
[Black "Schiller, Thomas1"]
[Result "0-1"]
[WhiteElo "1840"]
[BlackElo "1852"]
[PlyCount "94"]
[EventDate "2024.05.09"]
[EventType "swiss"]
[EventRounds "7"]
[EventCountry "GER"]
[SourceTitle "CBM 220 Extra"]
[Source "ChessBase"]
[SourceDate "2024.07.31"]
[SourceVersion "1"]
[SourceVersionDate "2024.07.31"]
[SourceQuality "1"]

1. e4 e5 2. Nf3 Nf6 3. Nc3 Bb4 4. Bc4 d6 5. d3 Nc6 6. 0-0 0-0 7. Be3 Qe7 8. h3 Na5 9. Bb3 Nxb3 10. axb3 a6 11. Bg5 c6 12. Ra4 Bc5 13. d4 exd4 14. Nxd4 h6 15. Bxf6 Qxf6 16. Re1 b5 17. e5 dxe5 18. Ne4 Qd8 19. Nxc5 bxa4 20. Rxe5 Re8 21. Rxe8+ Qxe8 22. bxa4 Be6 23. Ndxe6 fxe6 24. Qe2 a5 25. Qxe6+ Qxe6 26. Nxe6 Re8 27. Nd4 Re4 28. c3 c5 29. Nb3 Rxa4 30. Nxc5 Ra1+ 31. Kh2 Kf7 32. Kg3 Ra2 33. Nd3 a4 34. f4 Rxb2 35. Kf3 a3 36. Ne5+ Ke8 37. Nc4 a2 38. Nxb2 a1Q 39. Nc4 Qxc3+ 40. Ne3 Kf7 41. Ke4 Qd2 42. h4 Qf2 43. h5 Qh4 44. g4 Qh1+ 45. Kf5 Qf3 46. Ke5 Qxe3+ 47. Kf5 Qe6# 0-1